<?xml version="1.0" encoding="UTF-8"?>
<record
    xmlns:xsi="http://www.w3.org/2001/XMLSchema-instance"
    xsi:schemaLocation="http://www.loc.gov/MARC21/slim http://www.loc.gov/standards/marcxml/schema/MARC21slim.xsd"
    xmlns="http://www.loc.gov/MARC21/slim">

  <leader>01892agaaa2200313   4500</leader>
  <controlfield tag="001">3567</controlfield>
  <controlfield tag="003">IT-RoPAU</controlfield>
  <controlfield tag="005">20220918181240.0</controlfield>
  <controlfield tag="007">d cvaizq</controlfield>
  <controlfield tag="008">50131s9999||||xx ||| |     ||   ||und||</controlfield>
  <datafield tag="040" ind1=" " ind2=" ">
    <subfield code="a">IT-RoPAU</subfield>
    <subfield code="c">IT-RoPAU</subfield>
  </datafield>
  <datafield tag="041" ind1=" " ind2=" ">
    <subfield code="a">ITALIANO</subfield>
  </datafield>
  <datafield tag="100" ind1=" " ind2=" ">
    <subfield code="a">Olmi Ermanno</subfield>
    <subfield code="g">Codice regista SPICS: 3081</subfield>
    <subfield code="9">45021</subfield>
  </datafield>
  <datafield tag="130" ind1=" " ind2=" ">
    <subfield code="a">GENESI. LA CREAZIONE E IL DILUVIO</subfield>
    <subfield code="9">45022</subfield>
  </datafield>
  <datafield tag="245" ind1=" " ind2=" ">
    <subfield code="a">GENESI. LA CREAZIONE E IL DILUVIO</subfield>
    <subfield code="c">Sceneggiatura: Olmi Ermanno -- Diretto da: Olmi Ermanno</subfield>
    <subfield code="p">GENESI. LA CREAZIONE E IL DILUVIO (Rif. Codice opera principale : D3567)</subfield>
  </datafield>
  <datafield tag="250" ind1=" " ind2=" ">
    <subfield code="a">Edizione Standard</subfield>
  </datafield>
  <datafield tag="260" ind1=" " ind2=" ">
    <subfield code="a">(ITALIA)</subfield>
    <subfield code="b">LUX FILM / </subfield>
    <subfield code="g">"1994 (1&#xB0; ed.: 1994 ; Ed. Lingua Orig.: 1994)"</subfield>
  </datafield>
  <datafield tag="300" ind1=" " ind2=" ">
    <subfield code="a">VHS</subfield>
    <subfield code="b">sonoro, col.</subfield>
    <subfield code="c">90 minuti</subfield>
  </datafield>
  <datafield tag="508" ind1=" " ind2=" ">
    <subfield code="a">"Musica: Morricone Ennio; Sceneggiatura: Olmi Ermanno; "</subfield>
  </datafield>
  <datafield tag="511" ind1=" " ind2=" ">
    <subfield code="a">Antonutti Omero</subfield>
  </datafield>
  <datafield tag="520" ind1=" " ind2=" ">
    <subfield code="a">ERMANNO OLMI COMINCIA LA SUA GENESI CON LE IMMAGINI DELLA NATURA POTENTE EINCONTAMINATA E IL RACCONTO DI UN PASTORE NOMADE ALLA SUA DISCENDENZA RIUNITA SOTTO UNA TENDA. LA CREAZIONE DELL'UNIVERSO E DELL'UOMO IL PECCATO DI ADAMO ED EVA LA CACCIATA DAL PARADISO IL FRATRICIDIO DI CAINO LA SCELTA DI NOE' IL DILUVIO UNIVERSALE IL PATTO DI ALLEANZA ETERNA TRA DIO E OGNI ESSEREVIVENTE SONO RACCONTATI ATTRAVERSO LE PAROLE CHIARE E SEMPLICI DI QUESTO ANZIANO SAGGIO CON L'INTENTO DI MOSTRARE CHE LA CREAZIONE AVVIENE OGNI GIORNO E CHE IL PATTO TRA DIO E L'UOMO SI RINNOVA O SI ROMPE IN OGNI NOSTRO ATTOTUTTI GLI ALTRI INTERPRETI SONO GENTE COMUNE DEL POPOLO MAROCCHINO.</subfield>
  </datafield>
  <datafield tag="538" ind1=" " ind2=" ">
    <subfield code="a">PAL, STEREO</subfield>
  </datafield>
  <datafield tag="546" ind1=" " ind2=" ">
    <subfield code="a">ITALIANO</subfield>
  </datafield>
  <datafield tag="650" ind1=" " ind2=" ">
    <subfield code="a">RELIGIOSO</subfield>
    <subfield code="e">FILMS [VHS]</subfield>
    <subfield code="x">Codice MATERIA SPICS: 9960</subfield>
    <subfield code="9">45023</subfield>
  </datafield>
  <datafield tag="700" ind1=" " ind2=" ">
    <subfield code="a">Morricone Ennio</subfield>
    <subfield code="e">(musica)</subfield>
    <subfield code="g">Codice Musica SPICS: 3535</subfield>
    <subfield code="9">45024</subfield>
  </datafield>
  <datafield tag="700" ind1=" " ind2=" ">
    <subfield code="a">Olmi Ermanno </subfield>
    <subfield code="e">(regista)</subfield>
    <subfield code="g">Codice regista SPICS: 3081</subfield>
    <subfield code="9">45025</subfield>
  </datafield>
  <datafield tag="700" ind1=" " ind2=" ">
    <subfield code="a">Olmi Ermanno </subfield>
    <subfield code="e">(soggetto)</subfield>
    <subfield code="g">Codice Soggetto SPICS: 3081</subfield>
    <subfield code="9">45026</subfield>
  </datafield>
  <datafield tag="942" ind1=" " ind2=" ">
    <subfield code="c">VH</subfield>
    <subfield code="2">ddc</subfield>
  </datafield>
  <datafield tag="999" ind1=" " ind2=" ">
    <subfield code="c">106082</subfield>
    <subfield code="d">106082</subfield>
  </datafield>
  <datafield tag="952" ind1=" " ind2=" ">
    <subfield code="0">0</subfield>
    <subfield code="1">0</subfield>
    <subfield code="4">0</subfield>
    <subfield code="6">D_3567_000000000000000</subfield>
    <subfield code="7">1</subfield>
    <subfield code="a">SPICS</subfield>
    <subfield code="b">SPICS</subfield>
    <subfield code="d">2015-01-31</subfield>
    <subfield code="l">0</subfield>
    <subfield code="o">D3567</subfield>
    <subfield code="r">2015-01-31 00:00:00</subfield>
    <subfield code="w">2015-01-31</subfield>
    <subfield code="y">VH</subfield>
    <subfield code="z">Progr. Ins.: 626 / N.Vol.:1 / Copie: 1 / Pag.: / Copia rara: n.d. / date import: 1.2.2015 / By Epidotti, Trombetti, Vaglietti</subfield>
  </datafield>
</record>
